Understanding Research methods (Record no. 6203)

000 -LEADER
fixed length control field 00534nam a22001577a 4500
008 - FIXED-LENGTH DATA ELEMENTS--GENERAL INFORMATION
fixed length control field 150922b xxu||||| |||| 00| 0 eng d
020 ## - INTERNATIONAL STANDARD BOOK NUMBER
International Standard Book Number 9781884585470
050 ## - LIBRARY OF CONGRESS CALL NUMBER
Classification number Q 180.55
Item number .M4P38 2005
100 ## - MAIN ENTRY--PERSONAL NAME
Personal name Patten, Mildred L.
Dates associated with a name 2002
245 ## - TITLE STATEMENT
Title Understanding Research methods
Remainder of title An Overview of the Essentials.
Statement of responsibility, etc. Mildred L. Patten
250 ## - EDITION STATEMENT
Edition statement 5th ed.
260 ## - PUBLICATION, DISTRIBUTION, ETC. (IMPRINT)
Place of publication, distribution, etc. Los Angeles :
Name of publisher, distributor, etc. Pyrczak Publishing,
Date of publication, distribution, etc. 2005
300 ## - PHYSICAL DESCRIPTION
Extent vi,138p. :
Other physical details ill. ;
Dimensions 28cm.
760 ## - MAIN SERIES ENTRY
Edition 5thed
942 ## - ADDED ENTRY ELEMENTS (KOHA)
Source of classification or shelving scheme
Koha item type Hard Covered Materials
Classification part Q 180.55.M4P38 2005
Holdings
Withdrawn status Lost status Source of classification or shelving scheme Damaged status Not for loan Home library Current library Date acquired Source of acquisition Total Checkouts Full call number Barcode Date last seen Price effective from Koha item type Shelving location
          MACHAKOS UNIVERSITY LIBRARY MACHAKOS UNIVERSITY LIBRARY 22/09/2015 Donation (B.F.A)   Q 180.55.M4 .P388 2002 11750 22/09/2015 22/09/2015 Hard Covered Materials  
          MACHAKOS UNIVERSITY LIBRARY MACHAKOS UNIVERSITY LIBRARY 27/01/2017 Donation(BFA)   Q 180.55.M4P38 2005 30908 12/07/2018 27/01/2017 Hard Covered Materials Technical section
© Machakos University Library, Along The Highway, Machakos Wote Rd, Machakos, Kenya P.O. Box 136 - 90100 Machakos - Kenya

Tel: ( +254 ) 723 805829 OR Fax : 044-20353 OR Email: library@mksu.ac.ke